Bleachers - I Wanna Get Better (Lyrics) - Statistics

General Stats
  • This quiz has been taken 5 times
  • The average score is 329 of 430
Answer Stats
Lyrics % Correct
a
100%
better
100%
better!"
100%
better,
100%
get
100%
I
100%
of
100%
Of
100%
the
100%
to
100%
wanna
100%
when
100%
you
100%
an
80%
and
80%
And
80%
at
80%
because
80%
before
80%
car
80%
chasing
80%
down
80%
eighteen
80%
face
80%
feeling
80%
friends
80%
girls
80%
I've
80%
love,
80%
love
80%
mind
80%
my
80%
nice
80%
old
80%
on
80%
screaming
80%
up
80%
was
80%
wasted
80%
were
80%
where
80%
who
80%
year
80%
your
80%
away
60%
back
60%
broken
60%
bullet
60%
carried
60%
cars
60%
'cause
60%
'Cause
60%
cause
60%
ceiling
60%
change
60%
chase
60%
control
60%
crash
60%
didn't
60%
dream
60%
early
60%
family
60%
find
60%
follow
60%
from
60%
From
60%
getting
60%
give
60%
go
60%
got
60%
hear
60%
helmet
60%
Hey,
60%
"Hey,
60%
high
60%
I'm
60%
In
60%
in
60%
know
60%
life
60%
lines
60%
lonely
60%
losing
60%
loss
60%
Lost
60%
miss
60%
morning
60%
myself
60%
now
60%
Now
60%
out
60%
past
60%
permanent
60%
preacher
60%
put
60%
room
60%
said
60%
saw
60%
seconds
60%
she
60%
She
60%
standing
60%
still
60%
stranger
60%
television
60%
That
60%
that
60%
there's
60%
this
60%
'til
60%
voice
60%
wanted
60%
weather
60%
what
60%
While
60%
Woke
60%
bedroom
40%
between
40%
Calling
40%
can
40%
caskets
40%
Counting
40%
Cut
40%
darkness
40%
days
40%
Even
40%
faith
40%
gonna
40%
How
40%
if
40%
interstate
40%
it's
40%
just
40%
kill
40%
me
40%
Mourn
40%
move
40%
name
40%
night
40%
overpass
40%
panicked
40%
parkway
40%
pictures
40%
shoulda
40%
show
40%
sleeping
40%
So
40%
staring
40%
taxi
40%
their
40%
through
40%
time
40%
trace
40%
trained
40%
window
40%
years
40%
acid
20%
blaze
20%
fear
20%
frozen
20%
gave
20%
hearses
20%
test
20%
That's
20%
trying
20%
why
20%
No matching quizzes found
Score Distribution
Percent of People with Each Score
Percentile by Number Answered
Your Score History
You have not taken this quiz